000 00588nam a2200181Ia 4500
008 151202s9999||||xx |||||||||||||| ||und||
082 _bPNVM-29711
100 _aखांबेटे दं.पा.
245 _aरुपसुंदर स्त्री हेर.
260 _b---
260 _c0
300 _a0
600 _aखांबेटे दं.पा.
630 _aरुपसुंदर स्त्री हेर.
700 _aखांबेटे दं.पा.
730 _aरुपसुंदर स्त्री हेर.
942 _cBOOK
999 _c1295675
_d1295672